Chicago White Sox Managers by Picture - Statistics

General Stats
  • This quiz has been taken 22 times
  • The average score is 10 of 41
Answer Stats
Picture Hint Answer % Correct
1979-1986 | 2021-2022 Tony La Russa
100%
2004-2011 Ozzie Guillén
87%
2012-2016 Robin Ventura
73%
1998-2003 Jerry Manuel
53%
1970-1975 Chuck Tanner
47%
1989-1991 Jeff Torborg
47%
1986-1988 Jim Fregosi
47%
1977-1978 Bob Lemon
40%
1979 Don Kessinger
40%
2023-Present Pedro Grifol
40%
1924 | 1925-1926 Eddie Collins
33%
1957-1965 | 1968 | 1968-1969 Al López
27%
1986 Doug Rader
27%
1978 Larry Doby
27%
1901-1902 Clark Griffith
20%
1966-1968 Eddie Stanky
20%
1992-1995 Gene Lamont
20%
1954-1956 Marty Marion
20%
2017-2020 Rick Renteria
20%
1946-1948 Ted Lyons
20%
2011 Don Cooper
13%
1924 Ed Walsh
13%
1934-1946 Jimmy Dykes
13%
1924 | 1924 Johnny Evers
13%
1970 Bill Adair
7%
1909 Billy Sullivan
7%
1969-1970 Don Gutteridge
7%
1930-1931 Donie Bush
7%
1904-1908 Fielder Jones
7%
1910-1911 Hugh Duffy
7%
1949-1950 Jack Onslow
7%
1919-1923 Kid Gleason
7%
1928-1929 Lena Blackburne
7%
1968 | 1968 Les Moss
7%
1932-1934 Lew Fonseca
7%
1903-1904 | 1912-1914 Nixey Callahan
7%
1915-1918 Pants Rowland
7%
1951-1954 | 1976 Paul Richards
7%
1927-1928 Ray Schalk
7%
1950 Red Corriden
7%
1995-1997 Terry Bevington
7%
No matching quizzes found
Score Distribution
Percent of People with Each Score
Percentile by Number Answered
Your Score History
You have not taken this quiz